<?xml version="1.0" encoding="UTF-8"?>
<record
    xmlns:xsi="http://www.w3.org/2001/XMLSchema-instance"
    xsi:schemaLocation="http://www.loc.gov/MARC21/slim http://www.loc.gov/standards/marcxml/schema/MARC21slim.xsd"
    xmlns="http://www.loc.gov/MARC21/slim">

  <leader>02699nam a22002297a 4500</leader>
  <controlfield tag="001">6670</controlfield>
  <controlfield tag="003">FISKH</controlfield>
  <controlfield tag="005">20250520084218.0</controlfield>
  <controlfield tag="008">250520b        cb ||||| |||| 00| 0 eng d</controlfield>
  <datafield tag="040" ind1=" " ind2=" ">
    <subfield code="a">FISKH</subfield>
    <subfield code="b">khr</subfield>
    <subfield code="c">FISKH</subfield>
    <subfield code="d">FISKH</subfield>
  </datafield>
  <datafield tag="082" ind1=" " ind2=" ">
    <subfield code="a">000</subfield>
  </datafield>
  <datafield tag="100" ind1=" " ind2=" ">
    <subfield code="a">Sokheng, Kong</subfield>
  </datafield>
  <datafield tag="245" ind1=" " ind2=" ">
    <subfield code="a">&#x1780;&#x17C6;&#x178E;&#x17C2; &#x178F;&#x17C2;&#x1784;&#x179F;&#x17C1;&#x1785;&#x1780;&#x17D2;&#x178F;&#x17B8; &#x1790;&#x17D2;&#x1793;&#x17B6;&#x1780;&#x17CB;&#x1791;&#x17B8;&#x17E1;&#x17E0;&#x200B; /</subfield>
    <subfield code="c">&#x179A;&#x17C0;&#x1794;&#x179A;&#x17C0;&#x1784;&#x178A;&#x17C4;&#x1799; &#x179B;&#x17C4;&#x1780; &#x1782;&#x1784;&#x17CB; &#x179F;&#x17BB;&#x1781;&#x17A0;&#x17C1;&#x1784; </subfield>
  </datafield>
  <datafield tag="260" ind1=" " ind2=" ">
    <subfield code="a">&#x1797;&#x17D2;&#x1793;&#x17C6;&#x1796;&#x17C1;&#x1789; :</subfield>
    <subfield code="b">&#x1794;&#x17C9;&#x17C3; &#x178E;&#x17C2;&#x178F; ,</subfield>
    <subfield code="c">&#x17E2;&#x17E0;&#x17E1;&#x17E2; . </subfield>
  </datafield>
  <datafield tag="300" ind1=" " ind2=" ">
    <subfield code="a">130 pages : </subfield>
    <subfield code="b">color illustrations ; </subfield>
    <subfield code="c">15 cm . </subfield>
  </datafield>
  <datafield tag="520" ind1=" " ind2=" ">
    <subfield code="a">&#x179F;&#x1798;&#x17D2;&#x179A;&#x17B6;&#x1794;&#x17CB;&#x1780;&#x17B6;&#x179A;&#x179F;&#x179A;&#x179F;&#x17C1;&#x179A;&#x179F;&#x17C1;&#x1785;&#x1780;&#x17D2;&#x178F;&#x17B8;&#x1790;&#x17D2;&#x1793;&#x17B6;&#x1780;&#x17CB;&#x1791;&#x17B8;&#x17E1;&#x17E0; &#x17A2;&#x17D2;&#x1793;&#x1780;&#x17A2;&#x17B6;&#x1785;&#x17A2;&#x1793;&#x17BB;&#x179C;&#x178F;&#x17D2;&#x178F;&#x178F;&#x17B6;&#x1798;&#x179C;&#x17B7;&#x1792;&#x17B8;&#x179F;&#x17B6;&#x179F;&#x17D2;&#x178F;&#x17D2;&#x179A;&#x178A;&#x17BC;&#x1785;&#x1781;&#x17B6;&#x1784;&#x1780;&#x17D2;&#x179A;&#x17C4;&#x1798;&#x17D6;

📝 &#x179C;&#x17B7;&#x1792;&#x17B8;&#x179F;&#x17B6;&#x179F;&#x17D2;&#x178F;&#x17D2;&#x179A;&#x179F;&#x179A;&#x179F;&#x17C1;&#x179A;&#x179F;&#x17C1;&#x1785;&#x1780;&#x17D2;&#x178F;&#x17B8;&#x1790;&#x17D2;&#x1793;&#x17B6;&#x1780;&#x17CB;&#x1791;&#x17B8;&#x17E1;&#x17E0;
1,&#x1794;&#x1789;&#x17D2;&#x1785;&#x17BC;&#x179B;&#x1794;&#x17D2;&#x179A;&#x1792;&#x17B6;&#x1793;
&#x1785;&#x17B6;&#x1794;&#x17CB;&#x1795;&#x17D2;&#x178F;&#x17BE;&#x1798;&#x178A;&#x17C4;&#x1799;&#x1780;&#x17B6;&#x179A;&#x178E;&#x17C2;&#x1793;&#x17B6;&#x17C6;&#x1794;&#x17D2;&#x179A;&#x1792;&#x17B6;&#x1793;&#x178A;&#x17C2;&#x179B;&#x1785;&#x17D2;&#x1794;&#x17B6;&#x179F;&#x17CB;&#x179B;&#x17B6;&#x179F;&#x17CB; &#x1793;&#x17B7;&#x1784;&#x1791;&#x17B6;&#x1780;&#x17CB;&#x1791;&#x17B6;&#x1789; &#x178A;&#x17BE;&#x1798;&#x17D2;&#x1794;&#x17B8;&#x1791;&#x17B6;&#x1780;&#x17CB;&#x1791;&#x17B6;&#x1789;&#x17A2;&#x17B6;&#x179A;&#x1798;&#x17D2;&#x1798;&#x178E;&#x17CD;&#x17A2;&#x17D2;&#x1793;&#x1780;&#x17A2;&#x17B6;&#x1793;&#x17D4;

2,&#x1794;&#x1780;&#x179F;&#x17D2;&#x179A;&#x17B6;&#x1799;&#x1794;&#x17D2;&#x179A;&#x1792;&#x17B6;&#x1793;
&#x1794;&#x1784;&#x17D2;&#x17A0;&#x17B6;&#x1789;&#x1793;&#x17BC;&#x179C;&#x1780;&#x17B6;&#x179A;&#x1794;&#x1780;&#x179F;&#x17D2;&#x179A;&#x17B6;&#x1799;&#x1799;&#x17C9;&#x17B6;&#x1784;&#x1785;&#x17D2;&#x1794;&#x17B6;&#x179F;&#x17CB;&#x179B;&#x17B6;&#x179F;&#x17CB;&#x17A2;&#x17C6;&#x1796;&#x17B8;&#x1794;&#x17D2;&#x179A;&#x1792;&#x17B6;&#x1793; &#x178A;&#x17C4;&#x1799;&#x1794;&#x17D2;&#x179A;&#x17BE;&#x17A7;&#x1791;&#x17B6;&#x17A0;&#x179A;&#x178E;&#x17CD; &#x1793;&#x17B7;&#x1784;&#x1780;&#x17B6;&#x179A;&#x1796;&#x17B7;&#x1785;&#x17B6;&#x179A;&#x178E;&#x17B6;&#x178A;&#x17C2;&#x179B;&#x1798;&#x17B6;&#x1793;&#x179F;&#x17B6;&#x179A;&#x179F;&#x17C6;&#x1781;&#x17B6;&#x1793;&#x17CB;&#x17D4;

3,&#x1785;&#x17C6;&#x178E;&#x17BB;&#x1785;&#x179F;&#x17C6;&#x1781;&#x17B6;&#x1793;&#x17CB;&#x17D7;
&#x1794;&#x1789;&#x17D2;&#x1787;&#x17B6;&#x1780;&#x17CB;&#x1785;&#x17C6;&#x178E;&#x17BB;&#x1785;&#x179F;&#x17C6;&#x1781;&#x17B6;&#x1793;&#x17CB;&#x17D7;&#x178A;&#x17C2;&#x179B;&#x17A2;&#x17D2;&#x1793;&#x1780;&#x1785;&#x1784;&#x17CB;&#x1794;&#x1784;&#x17D2;&#x17A0;&#x17B6;&#x1789; &#x17AC;&#x1796;&#x17B7;&#x1785;&#x17B6;&#x179A;&#x178E;&#x17B6;&#x17D4;

4,&#x1780;&#x17B6;&#x179A;&#x179F;&#x1793;&#x17D2;&#x1793;&#x17B7;&#x178A;&#x17D2;&#x178B;&#x17B6;&#x1793;
&#x1794;&#x1789;&#x17D2;&#x1785;&#x1794;&#x17CB;&#x178A;&#x17C4;&#x1799;&#x1780;&#x17B6;&#x179A;&#x179F;&#x1793;&#x17D2;&#x1793;&#x17B7;&#x178A;&#x17D2;&#x178B;&#x17B6;&#x1793;&#x178A;&#x17C2;&#x179B;&#x1798;&#x17B6;&#x1793;&#x17A2;&#x178F;&#x17D2;&#x1790;&#x1793;&#x17D0;&#x1799; &#x1793;&#x17B7;&#x1784;&#x1795;&#x17D2;&#x178F;&#x179B;&#x17CB;&#x1780;&#x17B6;&#x179A;&#x17A2;&#x1793;&#x17BB;&#x1789;&#x17D2;&#x1789;&#x17B6;&#x178F;&#x17AC;&#x1780;&#x17B6;&#x179A;&#x1795;&#x17D2;&#x178F;&#x179B;&#x17CB;&#x1799;&#x17C4;&#x1794;&#x179B;&#x17CB;&#x179F;&#x17C6;&#x1781;&#x17B6;&#x1793;&#x17CB;&#x17D7;&#x17D4;</subfield>
  </datafield>
  <datafield tag="520" ind1=" " ind2=" ">
    <subfield code="a"> Grade 10 Essay Writing Method
1. Introduction of the Topic
Begin with a clear and engaging introduction to the topic in order to capture the reader&#x2019;s interest.

2. Explanation of the Topic
Provide a clear and detailed explanation of the topic by using relevant examples and meaningful reflections.
(This is the part you asked to be translated into English.)

3. Main Points
Identify and present the key points you want to highlight or discuss in your essay.

4. Conclusion
End the essay with a meaningful conclusion, offering insights, lessons learned, or recommendations based on the discussion.</subfield>
  </datafield>
  <datafield tag="650" ind1=" " ind2=" ">
    <subfield code="a">&#x178F;&#x17C2;&#x1784;&#x179F;&#x17C1;&#x1785;&#x1780;&#x17D2;&#x178F;&#x17B8; </subfield>
  </datafield>
  <datafield tag="650" ind1=" " ind2=" ">
    <subfield code="a">Eassy </subfield>
  </datafield>
  <datafield tag="942" ind1=" " ind2=" ">
    <subfield code="2">ddc</subfield>
    <subfield code="c">KHB</subfield>
    <subfield code="n">0</subfield>
  </datafield>
  <datafield tag="999" ind1=" " ind2=" ">
    <subfield code="c">6670</subfield>
    <subfield code="d">6670</subfield>
  </datafield>
  <datafield tag="952" ind1=" " ind2=" ">
    <subfield code="0">0</subfield>
    <subfield code="1">0</subfield>
    <subfield code="2">ddc</subfield>
    <subfield code="4">0</subfield>
    <subfield code="7">0</subfield>
    <subfield code="8">KH</subfield>
    <subfield code="a">002</subfield>
    <subfield code="b">002</subfield>
    <subfield code="c">SKB</subfield>
    <subfield code="d">2025-05-20</subfield>
    <subfield code="l">0</subfield>
    <subfield code="o">SOK 000</subfield>
    <subfield code="p">FISSE02663</subfield>
    <subfield code="r">2025-05-20 08:42:14</subfield>
    <subfield code="w">2025-05-20</subfield>
    <subfield code="y">KHB</subfield>
  </datafield>
</record>
